| 000 | 00546nam a2200193 a 4500 | ||
|---|---|---|---|
| 999 |
_c5428 _d5428 |
||
| 003 | BD-JhCC | ||
| 005 | 20171214110915.0 | ||
| 008 | 171214s1975 r a|||| || | 000 0 eng d | ||
| 035 | _a(BD-JhCC) | ||
| 040 |
_aBD-JhCC _dBD-JhCC |
||
| 041 | _aeng | ||
| 082 |
_a910 _bGEO 1975 |
||
| 245 |
_aThe Geography of the U.S.S.R : _bAn Introductory Survey / _cJ. S. Gregory (Editor) |
||
| 260 |
_aMoscow : _bNovosti Press Agency Publishing House, _c1975 |
||
| 300 |
_a145 p. : _bill. ; _c22 cm. |
||
| 650 | _aGeography | ||
| 942 |
_2ddc _cBK |
||